| 000 | 00962nam a22001937a 4500 | ||
|---|---|---|---|
| 005 | 20240315115739.0 | ||
| 010 | _aB-758530-533 | ||
| 020 |
_a9789385582165 _c200.000 |
||
| 035 | _aB-758530-533 | ||
| 037 | _bटीकम विहरा | ||
| 082 | _a820 | ||
| 100 |
_aवोहरा , टीकम _963396 |
||
| 245 |
_aमाँ से प्यारा नाम नहीं / _cटीकम वोहरा |
||
| 260 |
_aजयपुर _bबुद्धं पब्लिशर्स _c2018 |
||
| 270 |
_a21-A धर्म पार्क , श्याम नगर _bजयपुर _e302019 |
||
| 300 |
_a104 पृ.. _c22सेमी (सजिल्द) |
||
| 942 |
_2ddc _cHN _h820 _mवोहरा |
||
| 999 |
_c200619 _d200619 |
||